000 00599cab a2200241 4500
001 ABS60426
008 090401t1999 xxu||||| |||| 00| 0 eng d
035 _a(Sirsi) u93018
041 _aeng
100 _aKlein, R.
245 2 _aA slice of the action
260 _c1999
350 _a0
490 _aBuilding
_v264(8083) 16 April 1999, 56-57(1)
650 _aCOMPUTER MODELLING
650 _aCOMPUTER MODELS
650 _aCONSTRUCTION PROJECTS
650 _aDISPUTES
650 _aVISUALISATION
690 _aBUILDING AND CONSTRUCTION-PROJECTS
942 _n0
948 _c28/04/1999
999 _c58953
_d58953